00763nam a2200193 4500008004100000082001700041100002100058245013200079260007300211300001400284650005600298650003100354650002500385700001900410700002100429942000700450952009700457999001500554231212b |||||||| |||| 00| 0 eng d a363.349bMOH aMohideen, M.I.M. a2004 December 26 "tsunami":bassessment of destructions to muslims in the Eastern province Sri Lanka : survey reportnVolume: 1 aColombo:bMuslim reconstruction and resettlement organization,c2005 ax.,391 p. aMUSLIMS-Disaster victims-Eastern province-Sri Lanka aTsunami damage -Sri Lanka  aIndian Ocean Tsunami aVazeer, M.D.M. aRupesinghe,Kumar cRP 00102ddc4070aMAINbMAINd2023-12-12l0o363.349 MOHpRAF4552r2023-12-12w2023-12-12yRP c4373d4373